000 01816nam2a22002771 4500
001 RU\NLR\INFOCOMM17\1000422415
005 20250617112509.0
035 _a(NLR Aleph) 002572601
090 _a3203143
_c3203143
100 _a20040601d1972 |||y0rusy50 ca
101 0 _arus
102 _aRU
105 _ay |||||||||
200 1 _aМонокристаллические кремниевые мозаичные мишени для телевизионных трубок
_fА.Я. Патракова
210 _d1972
_aБ. м.
225 1 _a...
_vВып.48
_i...
_v1972, №6
461 0 _1001RU\NLR\INFOCOMM55\1000056712
_12001#$aОбзоры по электронной технике$fМ-во электронной пром-сти СССР. Ин-т "Электроника"$vВып.48
_93197280
_cМ.
_d1968-
_fМ-во электронной пром-сти СССР. Ин-т "Электроника"
_tОбзоры по электронной технике
_vВып.48
462 0 _1001RU\NLR\INFOCOMM17\1000422410
_12001#$aОбзоры по электронной технике$iСерия: Электровакуумные и газоразрядные приборы$fМ-во электронной пром-сти СССР. Ин-т "Электроника"$v1972, №6
_93203102
_cМ.
_d1972-
_fМ-во электронной пром-сти СССР. Ин-т "Электроника"
_iСерия: Электровакуумные и газоразрядные приборы
_tОбзоры по электронной технике. - Обзоры по электронной технике
_v1972, №6
700 1 _aПатракова
_bА.Я.
_4070
801 1 _aRU
_bInfoComm
_c20040601
801 0 _aRU
_bNLR
_gPSBO
852 _aNLR
_jП51/94
942 _cISSUE
980 _aNB
980 _aRUSPER